000
00283nam a2200121Ia 4500
008
191201s2009 xx 000 0 und d
100
_a
AARY, Dayachand
245
0
_a
Aahvaan
260
_a
N. delhi
_b
Parbhat Prakashan
_c
2009
300
_a
76
650
_a
General Books
942
_2
ddc
_c
BK
999
_c
741
_d
741